[Event "FRM-ch op"]
[Site "Skopje"]
[Date "2018.12.22"]
[Round "8"]
[White "Lazarov, Krste"]
[Black "Zlatkov, Dimitar"]
[Result "0-1"]
[WhiteElo "1167"]
[BlackElo "1203"]
[PlyCount "58"]
[EventDate "2018.12.15"]
[EventType "swiss"]
[EventRounds "9"]
[EventCountry "MKD"]
[SourceTitle "CBM 187 Extra"]
[Source "ChessBase"]
[SourceDate "2018.11.04"]
[SourceVersion "1"]
[SourceVersionDate "2018.11.04"]
[SourceQuality "1"]

1. d4 d5 2. c4 e6 3. Nf3 Nf6 4. Nc3 Nbd7 5. Bf4 c6 6. e3 Be7 7. Bd3 0-0 8. c5 Re8 9. 0-0 Nf8 10. b4 Ng6 11. Bg3 Nh5 12. b5 Nxg3 13. hxg3 Bd7 14. a4 Bf6 15. e4 e5 16. dxe5 Nxe5 17. Nxe5 Bxe5 18. Qc2 dxe4 19. Bxe4 Bxc3 20. Bxh7+ Kh8 21. Qxc3 Kxh7 22. Rad1 Kg8 23. bxc6 bxc6 24. Rd6 Qc7 25. Rfd1 Be6 26. a5 a6 27. Qb4 Rab8 28. Qa4 Bd5 29. Qg4 Qxa5 0-1

[Event "FRM-ch op"]
[Site "Skopje"]
[Date "2018.12.17"]
[Round "3"]
[White "Zlatkov, Dimitar"]
[Black "Jancev, Valentin"]
[Result "0-1"]
[WhiteElo "1203"]
[BlackElo "1812"]
[PlyCount "76"]
[EventDate "2018.12.15"]
[EventType "swiss"]
[EventRounds "9"]
[EventCountry "MKD"]
[SourceTitle "CBM 187 Extra"]
[Source "ChessBase"]
[SourceDate "2018.11.04"]
[SourceVersion "1"]
[SourceVersionDate "2018.11.04"]
[SourceQuality "1"]

1. e4 d5 2. exd5 Qxd5 3. Nc3 Qe5+ 4. Nge2 c6 5. d3 Nf6 6. Bf4 Qa5 7. g3 Bg4 8. Bg2 Qh5 9. Qd2 e6 10. h3 Bxe2 11. Qxe2 Qxe2+ 12. Kxe2 Nbd7 13. Rhd1 Bb4 14. a3 Bxc3 15. bxc3 Nd5 16. Bxd5 cxd5 17. Bd6 Rc8 18. Rab1 b6 19. a4 Rxc3 20. Rb2 Rc6 21. Ba3 Kd8 22. Rdb1 Nc5 23. a5 Na4 24. axb6 axb6 25. Ra1 Nxb2 26. Bxb2 Rxc2+ 27. Ke3 Rxb2 28. Ra8+ Ke7 29. Rxh8 h6 30. Rb8 g6 31. h4 Kf6 32. Rb7 h5 33. f4 b5 34. Kf3 b4 35. Ke3 b3 36. Kf3 Rb1 37. Ke3 b2 38. Kd4 Rg1 0-1

[Event "FRM-ch op"]
[Site "Skopje"]
[Date "2018.12.15"]
[Round "1"]
[White "Zlatkov, Dimitar"]
[Black "Manova, Ivana"]
[Result "0-1"]
[WhiteElo "1203"]
[BlackElo "1953"]
[PlyCount "62"]
[EventDate "2018.12.15"]
[EventType "swiss"]
[EventRounds "9"]
[EventCountry "MKD"]
[SourceTitle "CBM 187 Extra"]
[Source "ChessBase"]
[SourceDate "2018.11.04"]
[SourceVersion "1"]
[SourceVersionDate "2018.11.04"]
[SourceQuality "1"]

1. d4 Nf6 2. c4 e6 3. Nc3 d5 4. Bg5 Be7 5. e3 0-0 6. Qc2 Nbd7 7. cxd5 exd5 8. Bd3 c6 9. Nge2 Re8 10. 0-0 Nf8 11. Rad1 Ng4 12. Bf4 Ng6 13. Bxg6 hxg6 14. Rfe1 Bh4 15. Bg3 Bf5 16. Qd2 Qg5 17. Nf4 Bxg3 18. hxg3 Qh6 19. Nh3 Nf6 20. Kh2 g5 21. f3 g4 22. e4 Qxd2 23. Rxd2 gxh3 24. gxh3 dxe4 25. fxe4 Re6 26. e5 Rd8 27. b4 Nd5 28. Nxd5 Rxd5 29. Rc1 Rexe5 30. g4 Be6 31. a3 Re4 0-1